000 00877nam0a22002771 4500
001 rc\4170674
005 20250611120120.0
021 _aRU
_b[54-21383]
035 _a(NLR Aleph) 008182984
090 _a7927551
_c7927551
100 _a20130415d1954 |||y0rusy50 ca
101 0 _arus
102 _aRU
105 _aa z |||||
200 1 _aПроисхождение покрытосеменных растений
210 _aМосква
_cСов. наука
_d1954
215 _a96 с.
_cил.
_d20
320 _aБиблиогр.: с. 93-96
606 _aПокрытосеменные
_2psbo
700 1 _4070
_7ca
_8rus
_aТахтаджян
_bА. Л.
_f1910-2009
_gАрмен Леонович
_92642811
_3RU\NLR\AUTH\770273215
801 0 _aRU
_bNLR
_gpsbo
801 1 _aRU
_bELAR
_2rusmarc
852 _aNLR
_jБт02 Г-4/495
942 _cBOOK
980 _aNB